000
00190nam a22000857a 4500
008
161201b xxu||||| |||| 00| 0 eng d
100
_9
1711
_a
Blyton.E.
245
_a
Mister Meddles
260
_c
2011
999
_c
4424
_d
4424